[Event "FRA-ch U14"]
[Site "Agen"]
[Date "2018.04.19"]
[Round "6"]
[White "Ginovart, Camille"]
[Black "Chemla, Anouk"]
[Result "0-1"]
[WhiteElo "1628"]
[BlackElo "1705"]
[PlyCount "62"]
[EventDate "2018.04.15"]
[EventType "swiss"]
[EventRounds "9"]
[EventCountry "FRA"]
[SourceTitle "EXT 2019"]
[Source "ChessBase"]
[SourceDate "2018.10.10"]
[SourceVersion "1"]
[SourceVersionDate "2018.10.10"]
[SourceQuality "1"]

1. e4 c5 2. Nf3 e6 3. c3 Nf6 4. e5 Nd5 5. d4 cxd4 6. cxd4 d6 7. Bc4 Nc6 8. 0-0 Be7 9. Qe2 0-0 10. Qe4 dxe5 11. dxe5 Na5 12. Bd3 g6 13. Bh6 Re8 14. h4 Qb6 15. Qe2 Bd7 16. Ng5 Nc6 17. h5 Nd4 18. Qe4 Nf5 19. Nxf7 Kxf7 20. hxg6+ hxg6 21. g4 Rg8 22. Qf3 Qd4 23. Re1 Bc5 24. Re2 Ke8 25. gxf5 gxf5+ 26. Kf1 Qh4 27. Rc2 Qxh6 28. Rxc5 Bc6 29. Bb5 Bxb5+ 30. Rxb5 Qc1+ 31. Ke2 Nf4+ 0-1

[Event "FRA-ch U14"]
[Site "Agen"]
[Date "2018.04.18"]
[Round "5"]
[White "Chemla, Anouk"]
[Black "Randrianarimanana, Alicia"]
[Result "0-1"]
[WhiteElo "1705"]
[BlackElo "1872"]
[PlyCount "98"]
[EventDate "2018.04.15"]
[EventType "swiss"]
[EventRounds "9"]
[EventCountry "FRA"]
[SourceTitle "EXT 2019"]
[Source "ChessBase"]
[SourceDate "2018.10.10"]
[SourceVersion "1"]
[SourceVersionDate "2018.10.10"]
[SourceQuality "1"]

1. Nf3 g6 2. e4 c5 3. g3 Bg7 4. Bg2 Nc6 5. 0-0 e6 6. d3 Nge7 7. Nc3 d5 8. Re1 h6 9. exd5 exd5 10. Bf4 a6 11. Nxd5 0-0 12. Nxe7+ Nxe7 13. Be5 f6 14. Bc3 Nd5 15. Bd2 Nb6 16. Qc1 g5 17. Be3 Qd6 18. h4 Bf5 19. Nd2 Qc7 20. Ne4 Nd7 21. Qd2 Rad8 22. Qc3 b6 23. Qc4+ Kh7 24. Qxa6 Be6 25. hxg5 fxg5 26. Bxg5 Ra8 27. Nf6+ Nxf6 28. Bxa8 Bc8 29. Qc4 hxg5 30. Bg2 Ng4 31. Qe4+ Kh8 32. Qc6 Qxc6 33. Bxc6 Bxb2 34. Rab1 Bd4 35. Re7 Rxf2 36. Re8+ Kg7 37. Rxb6 c4 38. Rb8 Be6 39. Rb7+ Bf7 40. Re4 Rf4+ 41. Kg2 Rxe4 42. dxe4 Ne3+ 43. Kf3 Kg6 44. a4 Nxc2 45. Bb5 c3 46. Bd3 Ne1+ 47. Ke2 c2 48. e5+ Nxd3 49. Rc7 Ne1 0-1

[Event "Daventry Stokes Cup U12"]
[Site "Daventry"]
[Date "2016.07.18"]
[Round "4.1"]
[White "Fraser, Susanna"]
[Black "Chemla, Anouk"]
[Result "1-0"]
[WhiteElo "1502"]
[BlackElo "1426"]
[PlyCount "73"]
[EventDate "2016.07.18"]
[EventType "team-tourn"]
[EventRounds "5"]
[EventCountry "ENG"]
[SourceTitle "EXT 2020"]
[Source "ChessBase"]
[SourceDate "2019.10.17"]
[SourceVersion "1"]
[SourceVersionDate "2019.10.17"]
[SourceQuality "1"]
[WhiteTeam "Wales"]
[BlackTeam "France"]
[WhiteTeamCountry "WLS"]
[BlackTeamCountry "FRA"]

1. d4 Nf6 2. Nc3 d5 3. Bg5 c6 4. Bxf6 exf6 5. Qd2 f5 6. e3 Nd7 7. Bd3 Nf6 8. 0-0-0 Bd6 9. Nge2 0-0 10. Ng3 Ne4 11. Bxe4 fxe4 12. Nge2 Bf5 13. h3 Re8 14. g4 Bd7 15. Rdg1 b5 16. h4 a5 17. Nf4 a4 18. g5 b4 19. Nce2 Qb6 20. h5 b3 21. a3 bxc2 22. Qxc2 Qb7 23. g6 fxg6 24. hxg6 h6 25. Nc3 Qc7 26. Nfe2 Qa5 27. Ng3 c5 28. dxc5 Qxc5 29. Nce2 Qa5 30. Kb1 Rec8 31. Qd1 Rab8 32. Ka1 Qb6 33. Qxd5+ Kh8 34. Rb1 Rc2 35. Qf7 Bh3 36. Rxh3 Rc7 37. Rxh6+ 1-0